000
00238nam a2200097Ia 4500
005
20251222114410.0
008
251222s1900||||xx |||||||||||||| ||spa||
082
_a
DVD0120/N53/1989
245
0
_a
Samson et Dalila:Sansón y Dalila
942
_c
DVD
999
_c
2009
_d
2009